The Last Hiding Place

Sparad:
Bibliografiska uppgifter
Huvudupphovsman: Heath, Terrence
Materialtyp: Bok
Språk:Undetermined
Publicerad: Victoria, Canadá Oolichan Books 1982
Ämnen:
Taggar: Lägg till en tagg
Inga taggar, Lägg till första taggen!

MARC

LEADER 00000nam a2200000Ia 4500
008 170316s9999 xx 000 0 und d
040 |a cru BVZT 
090 |a 818 H-6L 
100 |a Heath, Terrence 
245 4 |a The Last Hiding Place 
260 |a Victoria, Canadá 
260 |b Oolichan Books 
260 |c 1982 
300 |a 215 páginas 
650 |a LITERATURA CANADIENSE 
999 |c 6471  |d 6471 
942 |c 15 D  |h 818 H-6L  |2 z